A history of the character and achievements of the so-called Christopher Columbus / (Record no. 154646)

MARC details
000 -LEADER
campo de control de longitud fija 00607nam a2200169 i 4500
001 - NÚMERO DE CONTROL
campo de control 154646
003 - IDENTIFICADOR DE NÚMERO DE CONTROL
campo de control ES-MaACL
005 - FECHA Y HORA DE LA ÚLTIMA TRANSACCIÓN
campo de control 20230906205816.0
008 - DATOS DE LONGITUD FIJA--INFORMACIÓN GENERAL
campo de control de longitud fija 980917s1874 xxua |||| |deng d
100 1# - ENTRADA PRINCIPAL--NOMBRE DE PERSONA
Nombre de persona Goodrich, Aaron.
9 (RLIN) 127468
245 12 - MENCIÓN DEL TÍTULO
Título A history of the character and achievements of the so-called Christopher Columbus /
Mención de responsabilidad, etc. by Aaron Goodrich.
260 ## - PUBLICACIÓN, DISTRIBUCIÓN, ETC.
Lugar de publicación, distribución, etc. New York :
Nombre del editor, distribuidor, etc. D. Appleton and Company,
Fecha de publicación, distribución, etc. 1874.
300 ## - DESCRIPCIÓN FÍSICA
Extensión VIII, 403 p. :
Otras características físicas il. ;
Dimensiones 23 cm.
600 14 - PUNTO DE ACCESO ADICIONAL DE MATERIA--NOMBRE DE PERSONA
Nombre de persona Colón, Cristóbal.
9 (RLIN) 39869
651 #4 - PUNTO DE ACCESO ADICIONAL DE MATERIA--NOMBRE GEOGRÁFICO
Nombre geográfico América-
Subdivisión general Descubrimiento-
Subdivisión cronológica 1492.
9 (RLIN) 137038
852 ## - LOCALIZACIÓN
Ubicación ES-MaACL
Número de control de estantería G-13183
Nota libre - Enc. ed. en tela
Holdings
Estatus retirado Estado de pérdida Estado de daño No para préstamo Colección Biblioteca de origen Biblioteca actual Ubicación en estantería Fecha de adquisición Fuente de adquisición Total de préstamos Signatura topográfica completa Código de barras Visto por última vez Precio de reemplazo Tipo de ítem Koha
        Libros del s. XIX Biblioteca del Ateneo de Madrid Biblioteca del Ateneo de Madrid Sala Pecera Planta 3 17/01/2008     G-13183 1161746 23/02/2023 23/02/2023 Libro impreso antiguo